Leisure (Record no. 71223)

MARC details
000 -LEADER
fixed length control field 01069cam a2200265 4500
001 - CONTROL NUMBER
control field ABS65986
008 - FIXED-LENGTH DATA ELEMENTS--GENERAL INFORMATION
fixed length control field 020925n2002 000 0 eng u
035 ## - SYSTEM CONTROL NUMBER
System control number (Sirsi) u119842
100 ## - MAIN ENTRY--PERSONAL NAME
Personal name McConnell, T
245 ## - TITLE STATEMENT
Title Leisure
260 ## - PUBLICATION, DISTRIBUTION, ETC.
Date of publication, distribution, etc. 2002
490 ## - SERIES STATEMENT
Series statement Property Week
Volume/sequential designation 67(30) 2 August 2002, 39-48(5)
520 ## - SUMMARY, ETC.
Summary, etc. Special report on the leisure industry. "Eat, drink, dance, pull and go home" looks at how traditional nightclubs with star DJs and high prices are likely to fade away, to be replaced by club/bar hybrids. "Pub sprawl" charts the expansion plans of pub operator J D Wetherspoon's, despite a profits warning and tumbling share prices. "Jackpot" reports on exclusive research by FPDSavills which assesses the short-term implications of the Budd report on gambling.
590 ## - LOCAL NOTE (RLIN)
Local note ABS
650 ## - SUBJECT ADDED ENTRY--TOPICAL TERM
Topical term or geographic name entry element LEISURE MARKET
650 ## - SUBJECT ADDED ENTRY--TOPICAL TERM
Topical term or geographic name entry element GAMBLING
650 ## - SUBJECT ADDED ENTRY--TOPICAL TERM
Topical term or geographic name entry element CASINOS
650 ## - SUBJECT ADDED ENTRY--TOPICAL TERM
Topical term or geographic name entry element NIGHTCLUBS
650 ## - SUBJECT ADDED ENTRY--TOPICAL TERM
Topical term or geographic name entry element CLUBS
650 ## - SUBJECT ADDED ENTRY--TOPICAL TERM
Topical term or geographic name entry element GAMING
650 ## - SUBJECT ADDED ENTRY--TOPICAL TERM
Topical term or geographic name entry element PUBS
690 ## - LOCAL SUBJECT ADDED ENTRY--TOPICAL TERM (OCLC, RLIN)
Topical term or geographic name as entry element PROPERTY MANAGEMENT-COMMERCIAL PROPERTY
700 ## - ADDED ENTRY--PERSONAL NAME
Personal name Barrett, C
942 ## - ADDED ENTRY ELEMENTS (KOHA)
Suppress in OPAC 0
Holdings
Withdrawn status Lost status Source of classification or shelving scheme Damaged status Not for loan Home library Current library Shelving location Date acquired Total Checkouts Full call number Barcode Date last seen Copy number Price effective from Koha item type
    Dewey Decimal Classification     London London Journal article 25/09/2002   ABS65986 119842-1001 06/08/2019 1 06/08/2019 Journal article